书目信息 |
| 题名: |
领导力药片
|
|
| 作者: | 布兰佳, , 马奇尼克, 著 ;张桦 译 | |
| 分册: | ||
| 出版信息: | 北京 中国人民大学出版社 2005.02 |
|
| 页数: | 98页 | |
| 开本: | 21cm | |
| 丛书名: | ||
| 单 册: | ||
| 中图分类: | F272.91 | |
| 科图分类: | ||
| 主题词: | 企业领导学--qi ye ling dao xue | |
| 电子资源: | ||
| ISBN: | 7-300-06287-3 | |
| 000 | 01176nam0 2200277 450 | |
| 001 | 012006963365 | |
| 005 | 20060921164415.03 | |
| 010 | @a7-300-06287-3@dCNY18.00 | |
| 100 | @a20060706d2005 km y0chiy0120 ea | |
| 101 | 1 | @achi@ceng |
| 102 | @aCN@b110000 | |
| 105 | @aa z 000yy | |
| 200 | 1 | @a领导力药片@Aling dao li yao pian@d= The leadership pill@f(美) 肯·布兰佳, 马克·马奇尼克著@F(mei)ken·bu lan jia,ma ke·ma qi ni ke zhu@g张桦译@Gzhang hua yi@zeng |
| 210 | @a北京@c中国人民大学出版社@d2005.02 | |
| 215 | @a98页@c图@d21cm | |
| 314 | @a肯·布兰佳是肯·布兰佳公司的董事会主席和首席精神官,肯创作了多部畅销书,包括:《一分钟经理人》、《共好》等。 | |
| 330 | @a本书向我们讲述了一则寓言,内容是关于两个性格迥异的企业领导人之间如何展开竞争的故事。这个故事向我们揭示了真正有效的领导都需要那些素质。 | |
| 333 | @a企业领导者、管理人员 | |
| 510 | 1 | @aLeadership pill@zeng |
| 606 | 0 | @a企业领导学@Aqi ye ling dao xue |
| 690 | @aF272.91@v4 | |
| 701 | 1 | @a布兰佳,@Abu lan jia,@bK.@g(Blanchard, Ken)@4著 |
| 701 | 1 | @a马奇尼克,@Ama qi ni ke,@bM.@g(Muchnick, Marc)@4著 |
| 702 | 0 | @a张桦@Azhang hua@4译 |
| 801 | 0 | @aCN@bQSSK@c20060921 |
| 905 | @a10447@dF272.91@eB982 | |
| 领导力药片= The leadership pill/(美) 肯·布兰佳, 马克·马奇尼克著/张桦译.-北京:中国人民大学出版社,2005.02 |
| 98页:图;21cm |
| 使用对象:企业领导者、管理人员 |
| ISBN 7-300-06287-3:CNY18.00 |
| 本书向我们讲述了一则寓言,内容是关于两个性格迥异的企业领导人之间如何展开竞争的故事。这个故事向我们揭示了真正有效的领导都需要那些素质。 |
| ● |
| 相关链接 |
|
|
|
正题名:领导力药片
索取号:F272.91/B982
 
预约/预借
| 序号 | 登录号 | 条形码 | 馆藏地/架位号 | 状态 | 备注 |
| 1 | 593607 | 205936077 | 社科库409/409社科库 89排1列2层/ [索取号:F272.91/B982] | 在馆 | |
| 2 | 593608 | 205936086 | 社科二线422/422社科库 27排2列1层/ [索取号:F272.91/B982] | 在馆 | |
| 3 | 593609 | 205936095 | 社科二线422/422社科库 27排2列1层/ [索取号:F272.91/B982] | 在馆 |